Chi ci insegnerà a camminare nella speranza? (Record no. 901543)
[ view plain ]
| 000 -CABECERA | |
|---|---|
| Campo de control de longitud fija | 00483nab a22001457 4500 |
| 003 - IDENTIFICADOR DEL NÚMERO DE CONTROL | |
| Campo de control | ES-SlBCS |
| 005 - FECHA Y HORA DE LA ÚLTIMA TRANSACCIÓN | |
| Campo de control | 20250728201547.0 |
| 008 - CÓDIGOS DE INFORMACIÓN DE LONGITUD FIJA | |
| Campo de control de longitud fija | 250122s2025 it ||||| |||| 00| 0 ita d |
| 040 ## - FUENTE DE LA CATALOGACIÓN | |
| Centro catalogador del origen | ES-SlBCS |
| Lengua de catalogación | spa |
| 041 ## - CÓDIGO DE LENGUA | |
| Código de lengua del texto/banda sonora o título independiente | ita |
| 100 1# - PUNTO DE ACCESO PRINCIPAL-NOMBRE DE PERSONA | |
| Nombre de persona | Micallef, René M. |
| 9 (RLIN) | 107278 |
| 245 10 - MENCIÓN DE TÍTULO | |
| Título | Chi ci insegnerà a camminare nella speranza? |
| Resto del título | : Spunti dal mondo delle migrazioni |
| Mención de responsabilidad, etc. | René M. Micallef |
| 773 0# - ENLACE AL DOCUMENTO FUENTE | |
| Parte(s) relacionada(s) | Vol. 63, fasc. 1, 2025, págs. 51-76 |
| Título | Studia Moralia |
| Número de control del registro relacionado | Rev445 |
| Número Internacional Normalizado para Publicaciones Seriadas (ISSN) | 0081-6736 |
| 942 ## - ENTRADA DE ELEMENTOS AGREGADOS (KOHA) | |
| Fuente de clasificaión o esquema | |
| Koha [por defecto] tipo de item | Artículos de revista |
| Suprimido | Perdido | Fuente de clasificación o esquema | Estropeado | No para préstamo | Localización permanente | Localización actual | Fecha adquisición | Préstamos totales | Fecha última consulta | Fecha del precio de reemplazo | Tipo de item de Koha |
|---|---|---|---|---|---|---|---|---|---|---|---|
| San Esteban | San Esteban | 28/07/2025 | 28/07/2025 | 28/07/2025 | Artículos de revista |
